Statistiques concernant Les 10 pays américains ayant les plus grandes économies

Cliquez ici pour prendre le quiz!

Statistiques générales

  • Ce quiz a été pris 23 243 fois
    (13 591 depuis la dernière actualisation)
  • Le résultat moyen est 9 sur 10

Statistiques - réponses

MillardsPays% Correct
25 400États-Unis
99%
2 240Canada
98%
3 680Brésil
97%
2 890Mexique
97%
1 200Argentine
96%
568Chili
91%
941Colombie
91%
514Pérou
87%
228Équateur
72%
255Rép. Dominicaine
36%

Distribution des résultats

Percentile par nombre de réponses

% des personnes avec chaque résultat

Votre développement - résultats

Vous n’avez pas pris ce quiz depuis la dernière actualisation